| 000 | 00678nam a2200205Ia 4500 | ||
|---|---|---|---|
| 001 | 8787 | ||
| 003 | GE_BSU | ||
| 008 | 181216s||||||||xx |||||||||||||| ||und|| | ||
| 040 | _cGE_BSU | ||
| 080 | _a821.353.1–32 | ||
| 100 | _aკლდიაშვილი,დავით | ||
| 245 | _aმოთხრობები | ||
| 245 | _cტექსტის დამზადება და კომენტ. ს. კლდიაშვილს. რედ.ვ. ბერიძე. | ||
| 260 | _aთბილისი | ||
| 260 | _bსახელგამი | ||
| 260 | _c1937 | ||
| 300 | _a231გვ.21სმ. | ||
| 653 | _aმოთხრობები | ||
| 942 | _cBK | ||
| 999 |
_c42097 _d42097 |
||